The noble scholar, jurist, historian


 His Excellency Dr. Abdul Wahhab bin Ibrahim Abu Sulaiman, may Allah have mercy on him.


 He was born in Umm Al-Qura in the year 1356 AH.

المدرسون في المسجد الحرام من القرن الأول حتى العصر الحاضر / (Record no. 5472)

MARC details
000 -LEADER
fixed length control field 01501cam a2200313 i 4500
003 - CONTROL NUMBER IDENTIFIER
control field SA-RiAUC
005 - DATE AND TIME OF LATEST TRANSACTION
control field 20250201063621.0
008 - FIXED-LENGTH DATA ELEMENTS--GENERAL INFORMATION
fixed length control field 250201s2012 su g 000r0cara c
020 ## - INTERNATIONAL STANDARD BOOK NUMBER
International Standard Book Number 9786030052233
020 ## - INTERNATIONAL STANDARD BOOK NUMBER
International Standard Book Number 9786030052400
024 0# - OTHER STANDARD IDENTIFIER
Standard number or code 00000000295889
040 ## - CATALOGING SOURCE
Original cataloging agency KAC
Language of cataloging ara
Transcribing agency SA-RiAUC
Description conventions rda
043 ## - GEOGRAPHIC AREA CODE
Geographic area code a-su---
082 04 - DEWEY DECIMAL CLASSIFICATION NUMBER
Classification number 922.58
Assigning agency SA-RiAUC
090 ## - LOCALLY ASSIGNED LC-TYPE CALL NUMBER (OCLC); LOCAL CALL NUMBER (RLIN)
Classification number (OCLC) (R) ; Classification number, CALL (RLIN) (NR) 922.58
Local cutter number (OCLC) ; Book number/undivided call number, CALL (RLIN) ن ق ي
100 1# - MAIN ENTRY--PERSONAL NAME
Personal name النقيب، منصور محمد عبد الله
Relator term مؤلف.
245 12 - TITLE STATEMENT
Title المدرسون في المسجد الحرام من القرن الأول حتى العصر الحاضر /
Statement of responsibility, etc. تأليف منصور بن محمد بن عبد الله النقيب.
250 ## - EDITION STATEMENT
Edition statement الطبعة الأولى.
264 #1 - PRODUCTION, PUBLICATION, DISTRIBUTION, MANUFACTURE, AND COPYRIGHT NOTICE
Place of production, publication, distribution, manufacture مكة المكرمة :
Name of producer, publisher, distributor, manufacturer منصور محمد عبد الله النقيب،
Date of production, publication, distribution, manufacture, or copyright notice 2012
300 ## - PHYSICAL DESCRIPTION
Extent 4 مجلد ؛
Dimensions 24 × 17 سم
336 ## - CONTENT TYPE
Content type term نص
Content type code txt
Source rdacontent
Materials specified كتاب
337 ## - MEDIA TYPE
Media type term بدون وسيط
Media type code n
Source rdamedia
338 ## - CARRIER TYPE
Carrier type term مجلد
Carrier type code nc
Source rdacarrier
505 0# - FORMATTED CONTENTS NOTE
Formatted contents note المحتويات : المجلد 1. (1) إبراهيم اللقاني-(347) سعيد بن منصور-المجلد 2. (348) سفيان الثوري-(700) علوي السقاف-المجلد 3. (701) علوي الحداد-(1058) محمد الطبري-المجلد 4. (1059) محمد العطاش-(1233) يونس القصار.
610 27 - SUBJECT ADDED ENTRY--CORPORATE NAME
Corporate name or jurisdiction name as entry element المسجد الحرام
Form subdivision تراجم
Source of heading or term aucnm
650 #7 - SUBJECT ADDED ENTRY--TOPICAL TERM
Topical term or geographic name entry element الفقهاء
Form subdivision تراجم
Source of heading or term aucsh
942 ## - ADDED ENTRY ELEMENTS (KOHA)
Source of classification or shelving scheme Dewey Decimal Classification
Koha item type Books
949 ## - LOCAL PROCESSING INFORMATION (OCLC)
a SA-JeALM
d 250201
u khaled123
n 1
Holdings
Withdrawn status Lost status Source of classification or shelving scheme Materials specified (bound volume or other part) Damaged status Not for loan Home library Current library Date acquired Total checkouts Full call number Barcode Date last seen Price effective from Koha item type
    Dewey Decimal Classification الجزء الأول     DR AbdElwahab Library DR AbdElwahab Library 02/01/2025   922.58 ن ق ي 000008890 02/01/2025 02/01/2025 Books
    Dewey Decimal Classification الجزء الثاني     DR AbdElwahab Library DR AbdElwahab Library 02/01/2025   922.58 ن ق ي 000008891 02/01/2025 02/01/2025 Books
    Dewey Decimal Classification الجزء الثالث     DR AbdElwahab Library DR AbdElwahab Library 02/01/2025   922.58 ن ق ي 000008892 02/01/2025 02/01/2025 Books
    Dewey Decimal Classification الجزء الاول     DR AbdElwahab Library DR AbdElwahab Library 06/13/2025   922.58 ن ق ي 000014543 06/13/2025 06/13/2025 Books
    Dewey Decimal Classification الجزء الثاني     DR AbdElwahab Library DR AbdElwahab Library 06/13/2025   922.58 ن ق ي 000014544 06/13/2025 06/13/2025 Books
    Dewey Decimal Classification الجزء الثالث     DR AbdElwahab Library DR AbdElwahab Library 06/13/2025   922.58 ن ق ي 000014545 06/13/2025 06/13/2025 Books
    Dewey Decimal Classification الجزء الرابع     DR AbdElwahab Library DR AbdElwahab Library 06/13/2025   922.58 ن ق ي 000014546 06/13/2025 06/13/2025 Books
    Dewey Decimal Classification الجزء الرابع     DR AbdElwahab Library DR AbdElwahab Library 07/15/2025   922.58 ن ق ي 000016108 07/15/2025 07/15/2025 Books